000 00476nam a2200181Ia 4500
003 LK-CoDNM
005 20240827144216.0
008 010623t1937 xxu||||| |||| 00| 1 eng d
040 _aLK-CoDNM
_dLK-CoDNM
_eLK-CoDNM
041 _aeng
080 _a22
_bP19
100 _aYoung,H.A
245 _aThe East India Company's Arsenals and Manufactories
260 _bClarendon Press
_aOxford
_c1937
300 _bviii, 243p. ; 21 cm
650 _aIndian History
942 _cBK
999 _c98490
_d98490